000 00636nam a2200241Ia 4500
003 OSt
005 20220918193032.0
006 a|||||r|||| 00| 0
007 ta
008 220917b |||||||| |||| 00| 0 eng d
024 _a71,619
037 _cTextual
040 _aARTS
_cARTS
_beng
041 _2eng
_aeng
082 _aR4, L2
100 _aWertheimer Roger
_980911
245 0 _aSignificance of sense meaning modality and morality
260 _aLondon
_bCornell Univ Press
_c1972
300 _axv,216p.
_ccm.
650 _aETHICS
942 _hR4, L2
_cTEXL
_2CC
999 _c197692
_d197692